Europe Country and Flags - Statistics

General Stats
  • This quiz has been taken 52 times
  • The average score is 36 of 46
Answers on the Map
Answers color-coded by a green-red scale on the quiz's map according to % correct below.
 
Answer Stats
Answer % Correct
88%
88%
88%
88%
88%
88%
88%
88%
85%
85%
85%
85%
85%
85%
85%
85%
81%
81%
81%
81%
81%
81%
81%
81%
81%
81%
77%
77%
77%
77%
77%
77%
77%
73%
73%
73%
73%
73%
69%
69%
65%
65%
65%
65%
58%
58%
No matching quizzes found
Score Distribution
Percent of People with Each Score
Percentile by Number Answered
Your Score History
You have not taken this quiz